000
00311nam a22001337a 4500
008
260312b |||||||| |||| 00| 0 eng d
020
_a
9789390777600
040
_a
30
100
_a
SINGH,MAHENDRA
245
_a
RACHNA SHAREER VIJNANA-2
260
_a
VARANSHI
_b
CHAUKHAMBA
_c
2023
300
_a
448
942
_c
01
999
_c
67189
_d
67189